Największe państwa w Historii Azji - Statystyki

Ogólne statystyki
  • Ten quiz został rozwiązany 525 razy
    483 od ostatniego zresetowania
  • Średni wynik to 6 z 15
Statystyki odpowiedzi
Powierzchnia Imperium % Poprawnych
6 9,9 (mln km2) Chińska Republika Ludowa
95%
1 33,0 (mln km2) Imperium Mongolskie
91%
10 5,0 (mln km2) Imperium Mauriów
84%
15 4,0 (mln km2) Imperium Pala
84%
8 7,4 (mln km2) Cesarstwo Wielkiej Japonii
80%
4 11,5 (mln km2) Dynastia Yuan
78%
7 8,0 (mln km2) Imperium Achmenidów
39%
15 4,0 (mln km2) Imperium Afszarydów
39%
2 14,7 (mln km2) Dynastia Qing
21%
3 13,0 (mln km2) Kalifat Umajadów
13%
5 11,1 (mln km2) Kalifat Abbasydów
8%
11 4,6 (mln km2) Cesarstwo Tybetańskie
6%
12 4,6 (mln km2) Imperium Timurydów
6%
13 4,6 (mln km2) Imperium Mogołów
4%
9 6,0 (mln km2) Kaganat Turkutów
0%
Nie znaleziono quizów pasujących do podanych kryteriów
Rozkład punktacji
Procent ludzi z każdym wynikiem
Percentyl według liczby udzielonych odpowiedzi
Twoja historia wyników
Nie rozwiązałeś tego quizu od ostatniego zresetowania